Online Catalogue and eLibrary

Sexualities (Record no. 4495)

MARC details
000 -LEADER
fixed length control field 00397nam a2200169Ia 4500
005 - DATE AND TIME OF LATEST TRANSACTION
control field 20241218010911.0
008 - FIXED-LENGTH DATA ELEMENTS--GENERAL INFORMATION
fixed length control field 240331s9999 xx 000 0 und d
020 ## - INTERNATIONAL STANDARD BOOK NUMBER
ISBN 8188965308
082 ## - DDC Classification
Item Number - Author Mark NIV
DDC Edition Number 6438
Class No. 305
245 #0 - TITLE STATEMENT
Title Sexualities
260 ## - PUBLICATION, DISTRIBUTION, ETC.
Place of publication, distribution, etc. New Delhi
Name of publisher, distributor, etc. Women Unlimited
Date of publication, distribution, etc. 2007
300 ## - PHYSICAL DESCRIPTION
Extent (e.g. Volumes, Pages etc.) lx, 333 p.,
650 ## - SUBJECT ADDED ENTRY--TOPICAL TERM
Topical term or geographic name entry element Sexuality
650 ## - SUBJECT ADDED ENTRY--TOPICAL TERM
Topical term or geographic name entry element Feminism
700 ## - ADDED ENTRY--PERSONAL NAME
Personal name Menon, N
Relator term (Role) Editor
942 ## - Koha item type (Biblio)
Koha item type Books in Stacks (Lending)
Holdings
Lost status Damaged status Collection code Home library Current library Shelving location Date acquired Full call number Accession Number Item type
    Lending WERC Library WERC Library Social Science Cupboard 03/31/2024 305 SEX 6438 Books in Stacks (Lending)

© WERC Library